00880nam a2200241 a 450000100060000000300080000600500170001400800410003103500190007204000270009104100080011808200270012624501450015326001050029830000290040350400410043265000420047365000300051565000350054570000220058070000190060270000170062162514BD-RjUL20211209081108.0170124s2008 bg ab b 000 0 eng  a(BD-RjUL)62640 aDLCcDLCdBD-RjULbeng aeng 223a307.1216bECO 200800aEcocity planning :bimages and ideas /ceditors, Debra Efroymson, Roxana Hafiz, and Lori Jones ; contributors, Md. Saniul Alam ... [et al.]. aDhaka :bWBB Trust, Health Bridge, [and] Bangladesh University of Engineering and Technology,c2008. a115 p. :bill. ;c22 cm. aIncludes bibliographical references  0aCity planningxEnvironmental aspects. 0aUrban ecology (Sociology) 0aSustainable urban development.1 aEfroymson, Debra.1 aHafiz, Roxana.1 aJones, Lori.